Abundance and length polymorphism of microsatellite repeats in Beta vulgaris L (Record no. 53717)

MARC details
000 -LEADER
fixed length control field 00584nam a2200205Ia 4500
100 ## - MAIN ENTRY--AUTHOR NAME
Personal name Morchen M
245 #0 - TITLE STATEMENT
Title Abundance and length polymorphism of microsatellite repeats in Beta vulgaris L
260 ## - PUBLICATION, DISTRIBUTION, ETC. (IMPRINT)
Name of publisher Theoretical and Applied Genetics
Year of publication 1996
300 ## - PHYSICAL DESCRIPTION
Number of Pages 326-33
650 ## - SUBJECT ADDED ENTRY--TOPICAL TERM
Topical Term Beet
650 ## - SUBJECT ADDED ENTRY--TOPICAL TERM
Topical Term Microsatellite sequence-tagged sites
650 ## - SUBJECT ADDED ENTRY--TOPICAL TERM
Topical Term Simple sequence length polymorphism
650 ## - SUBJECT ADDED ENTRY--TOPICAL TERM
Topical Term VNTR
700 ## - ADDED ENTRY--PERSONAL NAME
Personal name Cugen J
700 ## - ADDED ENTRY--PERSONAL NAME
Personal name Hanni C
700 ## - ADDED ENTRY--PERSONAL NAME
Personal name Michaelis G
700 ## - ADDED ENTRY--PERSONAL NAME
Personal name Saumitou-Laprade P
942 ## - ADDED ENTRY ELEMENTS (KOHA)
Koha item type Journals
Holdings
Withdrawn status Lost status Damaged status Not for loan Home library Current library Shelving location Date acquired Serial Enumeration / chronology Koha item type
      Journals RRII Library RRII Library RFLP 17/12/2021 Volume 92, Issue 04-Mar Journals